00449nam a2200145Ia 4500008004100000020001800041041000800059082001700067100001400084245014300098260002400241300000800265365001600273700001400289230718s9999 xx 000 0 und d a9788184046724 aeng a005.678bSIE aSiemer A. aASP.NET 3.5 Social NetworkingbAn Expert Guide To Building Enterprise-Ready Social Networking And Communicty Applications With ASP.NET 3.5 c2010bPackt Pub/SPD a556 cRs.b550.00 aSiemer A.